[Event "BEL-ch U16"]
[Site "Blankenberge"]
[Date "2017.04.09"]
[Round "1"]
[White "Maerevoet, Sim"]
[Black "Gheury, Hugo"]
[Result "1-0"]
[WhiteElo "2069"]
[BlackElo "1523"]
[PlyCount "67"]
[EventDate "2017.04.09"]
[EventType "swiss"]
[EventRounds "9"]
[EventCountry "BEL"]
[SourceTitle "CBM 178 Extra"]
[Source "ChessBase"]
[SourceDate "2017.06.22"]
[SourceVersion "1"]
[SourceVersionDate "2017.06.22"]
[SourceQuality "1"]

1. e4 e5 2. Nf3 Nc6 3. Nc3 Bc5 4. Nxe5 Nxe5 5. d4 Bd6 6. dxe5 Bxe5 7. Bd2 Nf6 8. Bc4 0-0 9. f3 c6 10. Bb3 d5 11. exd5 cxd5 12. 0-0 Bf5 13. Re1 Re8 14. Bg5 d4 15. Nd5 h6 16. Bxf6 Bxf6 17. Rxe8+ Qxe8 18. Nxf6+ gxf6 19. Qxd4 Kg7 20. Rd1 Rc8 21. c3 b6 22. h3 Qe2 23. Rd2 Qe1+ 24. Kh2 Qe5+ 25. Qxe5 fxe5 26. g4 Bh7 27. Rd7 Rf8 28. Rxa7 Kg8 29. Rb7 Rd8 30. Rxb6 Rd2+ 31. Kg3 Kg7 32. Rb7 Bg8 33. Bc4 Rd6 34. a4 1-0